| 000 | 00403nam a2200181Ia 4500 | ||
|---|---|---|---|
| 001 | 11691 | ||
| 005 | 20260306162846.0 | ||
| 008 | 260306t1956||||xx |||||||||||||| ||spa|| | ||
| 041 | _aESP | ||
| 082 |
_a987.041 _bE36 |
||
| 100 |
_aGrisanti, Angel _eAUT |
||
| 245 | 0 | _aEl archivo del libertador | |
| 260 | _c1956 | ||
| 300 |
_a _cil. |
||
| 650 | _aGEN | ||
| 654 | _aCHU | ||
| 942 |
_cLIB _dJUS _fJUS _2ddc _n |
||
| 999 |
_c11691 _d11691 |
||